[Event "7th Sharjah Masters 2024"]
[Site "Sharjah UAE"]
[Date "2024.05.22"]
[Round "9.5"]
[White "Salem, A.R. Saleh"]
[Black "Vokhidov, Shamsiddin"]
[Result "0-1"]
[WhiteTitle "GM"]
[BlackTitle "GM"]
[WhiteElo "2629"]
[BlackElo "2592"]
[WhiteFideId "9301348"]
[BlackFideId "14204223"]
[EventDate "2024.05.14"]

1. d4 Nf6 2. c4 e6 3. Nc3 Bb4 4. e3 O-O 5. Bd3 d5 6. Nf3 dxc4 7. Bxc4 c5 8. O-O
cxd4 9. exd4 b6 10. Bg5 Bb7 11. Re1 Nbd7 12. Bb3 Rc8 13. Re3 Qc7 14. Nb5 Qb8 15.
Ne5 Nxe5 16. Rxe5 Nd5 17. Qg4 Kh8 18. a3 Bd6 19. Bxd5 Bxe5 20. dxe5 Bxd5 21. Nd6
Rc7 22. Rd1 f6 23. Bf4 Qd8 24. h4 Rd7 25. Rd3 Be4 26. Rg3 Bf5 27. Qf3 fxe5 28.
Bxe5 Bg6 29. Qc6 Rc7 30. Qa4 Rc5 31. Nb7 Rc1+ 32. Kh2 Qd5 33. Qb4 Rcc8 34. Rg5
Qxb7 35. h5 Rf5 36. Qh4 Rxg5 37. Qxg5 Qf7 38. h6 Kg8 0-1

[Event "7th Sharjah Masters 2024"]
[Site "Sharjah UAE"]
[Date "2024.05.22"]
[Round "9.6"]
[White "Yu, Yangyi"]
[Black "Gurel, Ediz"]
[Result "1-0"]
[WhiteTitle "GM"]
[BlackTitle "GM"]
[WhiteElo "2729"]
[BlackElo "2578"]
[WhiteFideId "8603820"]
[BlackFideId "44507356"]
[EventDate "2024.05.14"]

1. e4 e5 2. Nf3 Nf6 3. Nxe5 d6 4. Nf3 Nxe4 5. d4 d5 6. Bd3 Bd6 7. O-O O-O 8. c4
c6 9. Re1 Bf5 10. Qc2 Na6 11. a3 Bg6 12. c5 Bb8 13. Nc3 f5 14. Ne2 Nc7 15. Nf4
Be8 16. Ne5 g5 17. Ne2 Ne6 18. f3 Qf6 19. fxe4 fxe4 20. Ng4 Qg6 21. Bxe4 Qxe4
22. Qxe4 dxe4 23. Be3 Bh5 24. Nf2 Bf4 25. Ng3 Bxg3 26. hxg3 Bg6 27. a4 Rad8 28.
Red1 Rd5 29. a5 a6 30. Ra4 Rfd8 31. Rc4 Kg7 32. Rd2 h6 33. Nd1 Nc7 34. Rb4 Nb5
35. Nc3 R5d7 36. d5 cxd5 37. Nxb5 axb5 38. Rdd4 Kf6 39. Rxb5 Ke5 40. Rdb4 Kf5
41. Bd4 Ra8 42. Kf2 Kg4 43. Rxb7 Rxb7 44. Rxb7 Rxa5 45. Rd7 Ra4 46. Rxd5 Rc4 47.
Ke3 Kxg3 48. Rd6 Be8 49. Rxh6 g4 50. Re6 Bd7 51. Re7 Bf5 52. Rf7 Be6 53. Rf6 Bd7
54. Kxe4 Kxg2 55. Kd5 Rc1 56. c6 Be8 57. b4 Rb1 58. Kc5 Rc1+ 59. Kb6 g3 60. Bc5
Kh3 61. Rf8 g2 62. Rxe8 1-0

[Event "7th Sharjah Masters 2024"]
[Site "Sharjah UAE"]
[Date "2024.05.22"]
[Round "9.8"]
[White "Mendonca, Leon Luke"]
[Black "Zemlyanskii, Ivan"]
[Result "0-1"]
[WhiteTitle "GM"]
[BlackTitle "FM"]
[WhiteElo "2640"]
[BlackElo "2516"]
[WhiteFideId "35028561"]
[BlackFideId "24249971"]
[EventDate "2024.05.14"]

1. e4 c5 2. Nf3 d6 3. d4 cxd4 4. Nxd4 Nf6 5. Nc3 a6 6. Bd3 g6 7. f3 Bg7 8. Be3
Nbd7 9. Qd2 b5 10. O-O-O Bb7 11. Kb1 O-O 12. h4 h5 13. Bh6 e5 14. Nb3 Rc8 15. g4
b4 16. Ne2 hxg4 17. Ng3 gxf3 18. Bxg7 Kxg7 19. Qg5 Nh7 20. Qg4 Ndf6 21. Qxf3 d5
22. h5 dxe4 23. Nxe4 Qe7 24. Rhg1 Nxe4 25. Bxe4 Ng5 26. Rxg5 Bxe4 27. Qxe4 Qxg5
28. hxg6 Rcd8 29. Rh1 fxg6 30. Qxb4 Rde8 31. a3 Qg2 32. Qe1 Qd5 33. Rg1 e4 34.
Qg3 Re6 35. Qe3 Ref6 36. Rg5 Rf5 37. Rg2 Rf3 38. Qa7+ R8f7 39. Qxa6 R3f6 40. Qc8
Qe5 41. Qh3 Rf3 42. Qh4 Qf4 43. Qd8 Rxb3 44. Qd4+ Kh7 45. Ka2 Rf3 46. Rg1 Rh3 0-1

[Event "7th Sharjah Masters 2024"]
[Site "Sharjah UAE"]
[Date "2024.05.22"]
[Round "9.10"]
[White "Petrosyan, Manuel"]
[Black "Artemiev, Vladislav"]
[Result "1/2-1/2"]
[WhiteTitle "GM"]
[BlackTitle "GM"]
[WhiteElo "2618"]
[BlackElo "2705"]
[WhiteFideId "13300857"]
[BlackFideId "24101605"]
[EventDate "2024.05.14"]

1. e4 e5 2. Nf3 Nc6 3. Bb5 a6 4. Ba4 Nf6 5. O-O Be7 6. d3 b5 7. Bb3 O-O 8. a4 b4
9. a5 d6 10. Nbd2 Be6 11. Bxe6 fxe6 12. Re1 Rb8 13. c3 Rb5 14. d4 bxc3 15. bxc3
exd4 16. cxd4 Qd7 17. Nc4 Rb4 18. Qc2 Ng4 19. Qe2 d5 20. Ncd2 Rb5 21. exd5 exd5
22. Ba3 Bxa3 23. Rxa3 Qd6 24. Qe6+ Qxe6 25. Rxe6 Rf6 26. Re8+ Rf8 27. Re6 Rf6
28. Re8+ Rf8 29. Re6 Rf6 1/2-1/2

[Event "7th Sharjah Masters 2024"]
[Site "Sharjah UAE"]
[Date "2024.05.22"]
[Round "9.11"]
[White "Maurizzi, Marc'Andria"]
[Black "Sevian, Samuel"]
[Result "1/2-1/2"]
[WhiteTitle "GM"]
[BlackTitle "GM"]
[WhiteElo "2618"]
[BlackElo "2699"]
[WhiteFideId "36083534"]
[BlackFideId "2040506"]
[EventDate "2024.05.14"]

1. d4 Nf6 2. c4 g6 3. g3 c5 4. dxc5 Qa5+ 5. Nc3 Qxc5 6. e4 d6 7. Be3 Qa5 8. Bg2
Nc6 9. Ne2 Bg7 10. O-O O-O 11. b3 Bd7 12. Rc1 Ng4 13. Bd2 Qh5 14. h3 Nge5 15.
Nf4 Qxd1 16. Rfxd1 g5 17. Nh5 g4 18. Nxg7 Kxg7 19. h4 f6 20. Be3 b6 21. Nd5 Kf7
22. Bf1 Nf3+ 23. Kg2 Nce5 24. Be2 f5 25. exf5 Bxf5 26. Nc7 Rad8 27. Nb5 Be4 28.
Kf1 Nh2+ 29. Ke1 Nhf3+ 30. Kf1 Nh2+ 31. Ke1 Nef3+ 32. Bxf3 Nxf3+ 33. Ke2 Ne5 34.
Kd2 Bf3 35. Re1 Nc6 36. Nd4 Nxd4 37. Bxd4 e5 38. Be3 Ke6 39. Kc3 Rc8 1/2-1/2

[Event "7th Sharjah Masters 2024"]
[Site "Sharjah UAE"]
[Date "2024.05.22"]
[Round "9.12"]
[White "Blohberger, Felix"]
[Black "Deac, Bogdan-Daniel"]
[Result "1/2-1/2"]
[WhiteTitle "GM"]
[BlackTitle "GM"]
[WhiteElo "2506"]
[BlackElo "2693"]
[WhiteFideId "1632051"]
[BlackFideId "1226380"]
[EventDate "2024.05.14"]

1. d4 Nf6 2. c4 e6 3. Nf3 b6 4. a3 Bb7 5. Nc3 Ne4 6. Nxe4 Bxe4 7. Bf4 d6 8. e3
Nd7 9. Bd3 Bxd3 10. Qxd3 Be7 11. Rd1 a5 12. e4 a4 13. O-O Nf8 14. c5 Ng6 15.
cxd6 cxd6 16. Be3 d5 17. e5 O-O 18. g3 f6 19. exf6 Rxf6 20. Qe2 h6 21. Rc1 Bd6
22. Ne1 Ne7 23. Ng2 Nf5 24. Rc6 Ne7 25. Rc2 Nf5 26. Rc6 Ne7 27. Rc2 Qd7 28. Bf4
Nf5 29. Be5 Bxe5 30. Qxe5 Nd6 31. Ne3 Rff8 32. Rfc1 Nf7 33. Qc7 Qxc7 34. Rxc7
Ng5 35. Kg2 b5 36. R1c6 Rf7 37. Rxf7 Kxf7 38. Rb6 Rc8 39. Rxb5 Rc1 40. Rb4 Rb1
41. f3 e5 42. dxe5 d4 43. Nf1 d3 44. f4 Ne6 45. Kf2 Rd1 46. Rb7+ Ke8 47. Rb5 h5
48. f5 Nd4 49. Rd5 Nxf5 50. Ne3 Rd2+ 51. Kf3 Nxe3 52. Kxe3 Rxh2 53. Rxd3 Rxb2
54. Kf4 Rb3 55. Rd6 Rxa3 56. Ra6 Ra1 57. Kg5 h4 58. Kxh4 Re1 59. Rxa4 Rxe5 1/2-1/2

[Event "7th Sharjah Masters 2024"]
[Site "Sharjah UAE"]
[Date "2024.05.22"]
[Round "9.13"]
[White "Niemann, Hans Moke"]
[Black "Idani, Pouya"]
[Result "1-0"]
[WhiteTitle "GM"]
[BlackTitle "GM"]
[WhiteElo "2689"]
[BlackElo "2605"]
[WhiteFideId "2093596"]
[BlackFideId "12510130"]
[EventDate "2024.05.14"]

1. c4 e5 2. g3 d6 3. Nc3 Be7 4. d4 f5 5. Bh3 a5 6. dxe5 dxe5 7. Qxd8+ Bxd8 8. e4
Nc6 9. Bxf5 Bxf5 10. exf5 Nd4 11. Kf1 Nxf5 12. Nf3 Bf6 13. Ne4 O-O-O 14. Bd2 Nd4
15. Kg2 b6 16. Bc3 Nxf3 17. Kxf3 Ne7 18. Rad1 Rd7 19. h4 Nc6 20. Rd5 Rhd8 21.
Rhd1 Nd4+ 22. Bxd4 Rxd5 23. cxd5 Rxd5 24. Nxf6 gxf6 25. Ke4 c6 26. g4 exd4 27.
Rxd4 Re5+ 28. Kd3 Kc7 29. Rf4 Re6 30. Re4 Kd6 31. f4 b5 32. Rxe6+ Kxe6 33. Kd4
Kd6 34. g5 c5+ 35. Ke4 a4 36. f5 b4 37. b3 a3 38. Kd3 Kd5 39. gxf6 1-0

[Event "7th Sharjah Masters 2024"]
[Site "Sharjah UAE"]
[Date "2024.05.22"]
[Round "9.14"]
[White "Sindarov, Javokhir"]
[Black "Siddharth, Jagadeesh"]
[Result "1-0"]
[WhiteTitle "GM"]
[BlackTitle "IM"]
[WhiteElo "2684"]
[BlackElo "2512"]
[WhiteFideId "14205483"]
[BlackFideId "5818320"]
[EventDate "2024.05.14"]

1. c4 Nf6 2. Nc3 g6 3. e4 e5 4. Nf3 Bg7 5. Nxe5 O-O 6. Nf3 Re8 7. Bd3 Nxe4 8.
Bxe4 Bxc3 9. dxc3 Rxe4+ 10. Be3 Nc6 11. Qd5 Qe8 12. O-O d6 13. h3 b6 14. Rfe1
Bb7 15. b3 Rb8 16. Qd2 f6 17. Bxb6 Rxe1+ 18. Rxe1 Qf7 19. Bd4 a5 20. c5 Ne5 21.
Nh2 Qd5 22. f4 Nd7 23. c4 1-0

[Event "7th Sharjah Masters 2024"]
[Site "Sharjah UAE"]
[Date "2024.05.22"]
[Round "9.16"]
[White "Iniyan, Pa"]
[Black "Ter-Sahakyan, Samvel"]
[Result "1-0"]
[WhiteTitle "GM"]
[BlackTitle "GM"]
[WhiteElo "2497"]
[BlackElo "2652"]
[WhiteFideId "25002767"]
[BlackFideId "13302531"]
[EventDate "2024.05.14"]

1. d4 Nf6 2. c4 e6 3. Nc3 Bb4 4. e3 O-O 5. Bd3 d5 6. a3 Bxc3+ 7. bxc3 dxc4 8.
Bxc4 c5 9. Nf3 Qc7 10. Be2 b6 11. Bb2 cxd4 12. exd4 Ba6 13. Bxa6 Nxa6 14. Qe2
Nb8 15. O-O Nbd7 16. c4 Rac8 17. Nd2 Qf4 18. a4 Qg4 19. Qe3 Rfe8 20. Rfe1 Nf8
21. h3 Qf5 22. g4 Qc2 23. Ba3 h6 24. Rec1 Qg6 25. f4 N8d7 26. Rc3 Rc7 27. Kh2
Rec8 28. Rac1 a6 29. g5 Ne8 30. Ne4 h5 31. c5 bxc5 32. dxc5 Nb8 33. Rc4 Nc6 34.
Nd6 Rb8 35. Qf3 h4 36. Qc3 Ne7 37. Nxe8 Rxe8 38. c6 Nd5 39. Qd4 Qh5 40. Qd3 Rd8
41. Bb4 Rcc8 42. Rd4 Qh7 43. f5 Qh5 44. Bd2 Re8 45. Qe4 Rcd8 46. Qg4 Qxg4 47.
hxg4 Rc8 48. Ba5 Rb8 49. c7 Rbc8 50. g6 Kf8 51. Rc5 Ne7 52. Rd8 exf5 53. gxf7
Kxf7 54. gxf5 Ng8 55. Rcd5 Ne7 56. R5d7 Kf6 1-0

[Event "7th Sharjah Masters 2024"]
[Site "Sharjah UAE"]
[Date "2024.05.22"]
[Round "9.17"]
[White "Nguyen, Thai Dai Van"]
[Black "Madaminov, Mukhiddin"]
[Result "1-0"]
[WhiteTitle "GM"]
[BlackTitle "IM"]
[WhiteElo "2650"]
[BlackElo "2506"]
[WhiteFideId "358878"]
[BlackFideId "14210703"]
[EventDate "2024.05.14"]

1. e4 e5 2. Nf3 Nf6 3. Nxe5 d6 4. Nf3 Nxe4 5. d4 d5 6. Bd3 Bd6 7. O-O O-O 8. c4
c6 9. Re1 Bf5 10. Ng5 Re8 11. Bxe4 dxe4 12. Nc3 Nd7 13. Ngxe4 Bxe4 14. Nxe4
Bxh2+ 15. Kf1 Bc7 16. Bg5 f6 17. Bh4 Nf8 18. d5 cxd5 19. cxd5 Ng6 20. d6 Nxh4
21. d7 Re7 22. Qd5+ Kh8 23. Nc5 Ng6 24. Rxe7 Nxe7 25. Qe6 Ng6 26. Nxb7 Qg8 27.
Qxg8+ Rxg8 28. Rd1 Bd8 29. b4 Ne5 30. f4 Nf7 31. a4 g5 32. Re1 Bc7 33. Rc1 Bxf4
34. Rc8 a6 35. a5 Kg7 36. b5 axb5 37. a6 Bb8 38. Nc5 Ba7 39. Ne6+ Kh8 40. Rc7
Be3 41. Ke2 Bg1 42. Rc1 Ba7 43. Rc7 Bg1 44. Rc1 Ba7 45. Rc8 h5 46. Nc7 b4 47.
Nb5 b3 48. Kd2 b2 49. Kc2 Bb6 50. Nd6 Nd8 51. Rb8 Bc7 52. a7 Bxd6 53. Rc8 1-0

[Event "7th Sharjah Masters 2024"]
[Site "Sharjah UAE"]
[Date "2024.05.22"]
[Round "9.18"]
[White "Muradli, Mahammad"]
[Black "Sargsyan, Shant"]
[Result "0-1"]
[WhiteTitle "GM"]
[BlackTitle "GM"]
[WhiteElo "2561"]
[BlackElo "2637"]
[WhiteFideId "13409301"]
[BlackFideId "13306766"]
[EventDate "2024.05.14"]

1. d4 Nf6 2. c4 e6 3. Nf3 d5 4. g3 Be7 5. Bg2 O-O 6. O-O dxc4 7. Qc2 a6 8. a4
Bd7 9. Qxc4 Bc6 10. Bg5 Nbd7 11. Nc3 h6 12. Bxf6 Nxf6 13. a5 Qd6 14. Rfd1 Rfd8
15. e3 Rab8 16. Qe2 Bf8 17. h4 Qe7 18. Rd2 Ne4 19. Rc2 Nf6 20. Rd2 Ne4 21. Rdd1
Nf6 22. Qc2 Rbc8 23. Rd2 Rb8 24. Rdd1 Rbc8 25. Qb3 Qb4 26. Qa2 Bd5 27. Nxd5 exd5
28. Ne5 c6 29. Nd3 Qd6 30. Nc5 Qc7 31. b4 Re8 32. Re1 Bd6 33. Bf3 Re7 34. Kg2
Rce8 35. Re2 Qc8 36. Qc2 g6 37. Rae1 Kg7 38. Kg1 Qh3 39. Bg2 Qg4 40. Qd1 g5 41.
hxg5 Qxg5 42. Qd3 h5 43. e4 Bxc5 44. bxc5 dxe4 45. Bxe4 Rxe4 46. Rxe4 Qg6 47. f3
Qxg3+ 48. Kh1 Rxe4 49. Rxe4 Nxe4 50. Qxe4 h4 51. f4 h3 52. Qe5+ f6 53. Qe7+ Kg6
54. Qe4+ Kh6 55. d5 cxd5 56. Qxd5 h2 57. Qd1 Qg1+ 58. Qxg1 hxg1=Q+ 59. Kxg1 Kh5 0-1

[Event "7th Sharjah Masters 2024"]
[Site "Sharjah UAE"]
[Date "2024.05.22"]
[Round "9.22"]
[White "Martirosyan, Haik M."]
[Black "Assaubayeva, Bibisara"]
[Result "1-0"]
[WhiteTitle "GM"]
[BlackTitle "IM"]
[WhiteElo "2679"]
[BlackElo "2481"]
[WhiteFideId "13306553"]
[BlackFideId "13708694"]
[EventDate "2024.05.14"]

1. d4 Nf6 2. c4 g6 3. Nc3 Bg7 4. e4 d6 5. Be2 O-O 6. Be3 c5 7. d5 Qb6 8. Qc2 Ng4
9. Bg5 f5 10. f3 Nf6 11. exf5 Bxf5 12. Qd2 Qa5 13. g4 Bd7 14. h4 b5 15. h5 gxh5
16. gxh5 Na6 17. h6 Bh8 18. Nh3 Rab8 19. cxb5 Nc7 20. a4 a6 21. Rg1 Kf7 22. Bxf6
exf6 23. Qd3 Ke8 24. Qxh7 f5 25. Rg7 Nxd5 26. Qg6+ 1-0

[Event "7th Sharjah Masters 2024"]
[Site "Sharjah UAE"]
[Date "2024.05.22"]
[Round "9.23"]
[White "Sadhwani, Raunak"]
[Black "Sanal, Vahap"]
[Result "1/2-1/2"]
[WhiteTitle "GM"]
[BlackTitle "GM"]
[WhiteElo "2654"]
[BlackElo "2566"]
[WhiteFideId "35093487"]
[BlackFideId "6300545"]
[EventDate "2024.05.14"]

1. d4 Nf6 2. c4 e6 3. Nf3 b6 4. g3 Bb7 5. Bg2 Bb4+ 6. Bd2 Bxd2+ 7. Nbxd2 O-O 8.
Qc2 c5 9. dxc5 bxc5 10. O-O Nc6 11. Rfd1 Qe7 12. Rac1 Rfd8 13. Ne4 Nb4 14. Nxf6+
Qxf6 15. Qb1 d6 16. Ng5 Qxg5 17. Bxb7 Rab8 18. Bg2 Rb6 19. Rc3 Qf6 20. Ra3 Rd7
21. Rd2 g6 22. Qd1 Qd8 23. Ra5 Qc7 24. Qa4 Re7 25. h4 h5 26. e3 Kg7 27. b3 Kg8
28. Kf1 e5 29. a3 Nc6 30. Bxc6 Qxc6 31. Qxc6 Rxc6 32. Rb5 Kf8 33. Ke2 a6 34.
Rb8+ Re8 35. Rb7 Re7 36. Rb8+ Re8 37. Rb7 Re7 1/2-1/2

[Event "7th Sharjah Masters 2024"]
[Site "Sharjah UAE"]
[Date "2024.05.22"]
[Round "9.24"]
[White "Adhiban, Baskaran"]
[Black "Yuffa, Daniil"]
[Result "1/2-1/2"]
[WhiteTitle "GM"]
[BlackTitle "GM"]
[WhiteElo "2523"]
[BlackElo "2617"]
[WhiteFideId "5018471"]
[BlackFideId "24131423"]
[EventDate "2024.05.14"]

1. e4 c5 2. Nf3 d6 3. d4 cxd4 4. Nxd4 Nf6 5. Nc3 a6 6. Bc4 e6 7. Be3 Nc6 8. a4
Bd7 9. O-O Be7 10. Qe2 O-O 11. Nxc6 Bxc6 12. a5 Qe8 13. f3 d5 14. exd5 exd5 15.
Bb3 Bb4 16. Qf2 Qe7 17. Bd4 Rfe8 18. Qh4 Bc5 19. Qf2 Bxd4 20. Qxd4 Qc7 21. Qb6
Qxb6+ 22. axb6 d4 23. Na4 Rad8 24. Rfd1 Re5 25. Bc4 Ra5 26. b3 Rd6 27. c3 Bxa4
28. Rxd4 Rxd4 29. cxd4 Nd7 30. bxa4 Nxb6 31. Bb3 Kf8 32. Rc1 Nxa4 33. Rc7 f5 34.
Rf7+ Ke8 35. Rxb7 g5 36. Bxa4+ Rxa4 37. Rxh7 Rxd4 38. Rh5 Rd1+ 39. Kf2 Rd2+ 40.
Kg3 Rd5 41. h4 gxh4+ 42. Kxh4 a5 43. Rh7 Rd7 44. Rh8+ Ke7 45. Ra8 Rd5 46. Kg5
Kd7 47. Kf4 Kc6 48. g4 fxg4 49. fxg4 Kb5 50. g5 Rd1 51. g6 Rg1 52. Kf5 a4 53.
Kf6 Kb4 54. g7 a3 55. g8=Q Rxg8 56. Rxg8 a2 57. Ra8 Kb3 58. Ke5 Kb2 59. Ke4 a1=Q
60. Rxa1 Kxa1 1/2-1/2

[Event "7th Sharjah Masters 2024"]
[Site "Sharjah UAE"]
[Date "2024.05.22"]
[Round "9.25"]
[White "Nesterov, Arseniy"]
[Black "Kuybokarov, Temur"]
[Result "1-0"]
[WhiteTitle "GM"]
[BlackTitle "GM"]
[WhiteElo "2590"]
[BlackElo "2602"]
[WhiteFideId "24198455"]
[BlackFideId "14203049"]
[EventDate "2024.05.14"]

1. Nf3 Nf6 2. c4 c6 3. Nc3 d5 4. e3 Bf5 5. d4 e6 6. Nh4 Bg6 7. Be2 Nbd7 8. O-O
Bd6 9. g3 Qe7 10. Bd2 Ne4 11. a3 Nxd2 12. Qxd2 dxc4 13. Bxc4 Nb6 14. Be2 Nd5 15.
Bf3 Nxc3 16. Qxc3 O-O 17. Nxg6 hxg6 18. Kg2 e5 19. h4 exd4 20. exd4 Qf6 21. Rfe1
Rfe8 22. Rad1 Rad8 23. Qc4 Re7 24. Rxe7 Qxe7 25. Rd3 Re8 26. Qa4 Ra8 27. Re3 Qf6
28. Bd1 Qf5 29. Rf3 Qb5 30. Qxb5 cxb5 31. Bb3 Rf8 32. g4 Kh7 33. Bxf7 Rc8 34. g5
Rc7 35. Bd5 1-0

[Event "7th Sharjah Masters 2024"]
[Site "Sharjah UAE"]
[Date "2024.05.22"]
[Round "9.26"]
[White "Sjugirov, Sanan"]
[Black "Mchedlishvili, Mikheil"]
[Result "1/2-1/2"]
[WhiteTitle "GM"]
[BlackTitle "GM"]
[WhiteElo "2692"]
[BlackElo "2569"]
[WhiteFideId "4189302"]
[BlackFideId "13600966"]
[EventDate "2024.05.14"]

1. d4 Nf6 2. c4 e6 3. Nc3 Bb4 4. e3 c5 5. Bd3 Nc6 6. Ne2 cxd4 7. exd4 d5 8. cxd5
Nxd5 9. O-O O-O 10. a3 Bd6 11. Re1 Qh4 12. g3 Qh5 13. Nxd5 exd5 14. Bf4 Be7 15.
Qb3 Bh3 16. Be3 Bd6 17. Nc3 Rfd8 18. Be2 Bg4 19. Bxg4 Qxg4 20. Qxb7 Ne7 21. Qa6
Nf5 22. Qe2 Qg6 23. Rad1 Rab8 24. Bc1 h5 25. Rd3 Re8 26. Qd1 h4 27. Rxe8+ Rxe8
28. g4 Ne7 29. h3 f5 30. Re3 Rf8 31. Qe2 Rf6 32. f3 fxg4 33. fxg4 Qf7 34. Nb5
Bh2+ 35. Kg2 Ng6 36. Re8+ Kh7 37. g5 Rf2+ 38. Qxf2 Qxe8 39. Nc3 Bb8 40. Qf3 Qc6
41. Be3 a5 42. Qxd5 Qb6 43. Nd1 Bf4 44. Qf3 Bxe3 45. Qxe3 Qc6+ 46. Kg1 Qc2 47.
Nf2 Qxb2 48. Kg2 Qb5 49. Kh2 Qf5 50. Nd3 Qd5 51. Ne1 Qa2+ 52. Kg1 Qb1 53. Kh2
Qa2+ 54. Kg1 Qb1 55. Qd2 Qb3 56. Qd3 Qe6 57. Ng2 Kh8 58. Qf3 Qd6 59. Qe4 a4 60.
d5 Kh7 61. Nxh4 Qg3+ 62. Ng2 Qxa3 63. h4 Qa1+ 64. Ne1 Qe5 65. Qxe5 Nxe5 66. Kf2
Kg6 67. Nc2 Nc4 68. Ke2 1/2-1/2

[Event "7th Sharjah Masters 2024"]
[Site "Sharjah UAE"]
[Date "2024.05.22"]
[Round "9.28"]
[White "Banusz, Tamas"]
[Black "Can, Emre"]
[Result "1/2-1/2"]
[WhiteTitle "GM"]
[BlackTitle "GM"]
[WhiteElo "2623"]
[BlackElo "2549"]
[WhiteFideId "722413"]
[BlackFideId "6302181"]
[EventDate "2024.05.14"]

1. Nf3 d5 2. g3 g6 3. Bg2 Bg7 4. O-O e5 5. d3 Ne7 6. e4 O-O 7. Nc3 d4 8. Ne2 c5
9. Nd2 Nbc6 10. f4 f6 11. Nf3 Bd7 12. h3 Qb6 13. Kh2 f5 14. Nxe5 Nxe5 15. fxe5
fxe4 16. Bxe4 Bxe5 17. Bf4 Bg7 18. Qd2 Bc6 19. b3 Nd5 20. Bxd5+ Bxd5 21. Bh6
Bxh6 22. Qxh6 Qe6 23. Qd2 Bc6 24. Nf4 Qd6 25. Rae1 Rf6 26. Qe2 Raf8 27. Qe5 h6
28. Qxd6 Rxd6 29. h4 Rdf6 30. Re5 Rf5 31. Rfe1 g5 32. hxg5 hxg5 33. Nh3 g4 34.
Nf4 Rxe5 35. Rxe5 Re8 36. Rxe8+ 1/2-1/2

[Event "7th Sharjah Masters 2024"]
[Site "Sharjah UAE"]
[Date "2024.05.22"]
[Round "9.29"]
[White "Bharath, Subramaniyam H"]
[Black "Theodorou, Nikolas"]
[Result "0-1"]
[WhiteTitle "GM"]
[BlackTitle "GM"]
[WhiteElo "2545"]
[BlackElo "2617"]
[WhiteFideId "46634827"]
[BlackFideId "4262875"]
[EventDate "2024.05.14"]

1. e4 c5 2. Nf3 Nc6 3. d4 cxd4 4. Nxd4 e5 5. Ne2 Nf6 6. Nbc3 Bc5 7. Ng3 O-O 8.
Bc4 d6 9. O-O a6 10. Nf5 Be6 11. Nd5 Nxe4 12. Qg4 g6 13. Nh6+ Kg7 14. Qxe4 f5
15. Qe2 b5 16. Bb3 Nd4 17. Qd1 f4 18. Ng4 Qh4 19. Nge3 fxe3 20. Bxe3 Rf5 21. Nc7
Bd7 22. g3 Qh3 23. Bxd4 exd4 24. Ne6+ Kh8 25. Nxc5 dxc5 26. f3 Qh6 27. c3 Qe3+
28. Kg2 Bc6 29. cxd4 Rd8 30. d5 c4 31. Re1 Qc5 32. Qc1 Rfxd5 33. Qc3+ Qd4 34.
Bd1 Qxc3 35. bxc3 Rd3 36. a4 Rxc3 37. axb5 axb5 38. Kh3 Rcd3 39. f4 R3d7 40. Bg4
Rc7 41. Rac1 Kg7 42. Kh4 Rd2 43. h3 Bd5 44. Rb1 c3 45. Rec1 h5 46. Bd1 Rxd1 47.
Rxd1 c2 48. Rdc1 cxb1=Q 49. Rxb1 Rb7 50. Rb4 Kf6 51. Rd4 Bf7 52. Rb4 Bc4 53. g4
Rh7 54. g5+ Ke6 55. Rb1 Rf7 0-1

[Event "7th Sharjah Masters 2024"]
[Site "Sharjah UAE"]
[Date "2024.05.22"]
[Round "9.31"]
[White "Gupta, Abhijeet"]
[Black "Gavrilescu, David"]
[Result "1-0"]
[WhiteTitle "GM"]
[BlackTitle "GM"]
[WhiteElo "2604"]
[BlackElo "2540"]
[WhiteFideId "5010608"]
[BlackFideId "1227190"]
[EventDate "2024.05.14"]

1. d4 Nf6 2. c4 e6 3. Nc3 d5 4. cxd5 exd5 5. Bg5 Bb4 6. e3 h6 7. Bh4 g5 8. Bg3
h5 9. Qb3 Bxc3+ 10. Qxc3 Nc6 11. Bd3 h4 12. Be5 Nxe5 13. dxe5 Ne4 14. Qa3 h3 15.
gxh3 Bxh3 16. Nxh3 Rxh3 17. Qb3 Nc5 18. Qb5+ Nd7 19. Bf5 Rh6 20. Qxd5 c6 21. Qd4
Rh4 22. f4 Nb6 23. O-O-O Qxd4 24. Rxd4 gxf4 25. Rxf4 Rh6 26. h3 Ke7 27. Rhf1 Rf8
28. Bg4 Nd5 29. R4f3 Rhh8 30. e4 Nc7 31. Ra3 Na6 32. Be2 Nc5 33. Rxa7 Rxh3 34.
b4 Rc3+ 35. Kb2 Re3 36. Bc4 Rxe4 37. Kc3 Nd7 38. Rxb7 Rxe5 39. Rd1 Rd8 40. a4
Re3+ 41. Kb2 Re4 42. Kc3 Re3+ 43. Kc2 Re4 44. Bf1 Ke6 45. a5 Rf4 46. a6 Rf2+ 47.
Kb1 Rf4 48. a7 Ra8 49. Bh3+ f5 50. Rdxd7 Rxb4+ 51. Rxb4 Kxd7 52. Rb7+ Ke6 53.
Kc2 Ke5 54. Kc3 Rh8 55. Bg2 Rg8 56. Rb8 Rg3+ 57. Kc4 Rg4+ 58. Kc5 1-0

[Event "7th Sharjah Masters 2024"]
[Site "Sharjah UAE"]
[Date "2024.05.22"]
[Round "9.32"]
[White "Pranav, Anand"]
[Black "Jumabayev, Rinat"]
[Result "1-0"]
[WhiteTitle "GM"]
[BlackTitle "GM"]
[WhiteElo "2532"]
[BlackElo "2597"]
[WhiteFideId "46626786"]
[BlackFideId "13702661"]
[EventDate "2024.05.14"]

1. e4 c5 2. Nf3 e6 3. d4 cxd4 4. Nxd4 a6 5. Nc3 b5 6. Bd3 Bb7 7. O-O Nc6 8. Nxc6
Bxc6 9. Re1 Ne7 10. Bf1 Ng6 11. Be3 Rb8 12. Qd4 f6 13. Rad1 Be7 14. Nd5 O-O 15.
c4 Rf7 16. cxb5 axb5 17. Nxe7+ Nxe7 18. f3 f5 19. Bg5 fxe4 20. fxe4 Qc7 21. Bd2
Ra8 22. a3 Ng6 23. Bb4 Qb7 24. g3 Qa7 25. Bc5 Qb8 26. Bd6 Qd8 27. Bg2 Qg5 28.
Rf1 Ra4 29. Qd3 Rf6 30. b3 Ra8 31. h4 Qg4 32. Kh2 Nh8 33. Rxf6 gxf6 34. Rf1 Qg7
35. Qc3 Nf7 36. Be7 Ne5 37. Bxf6 Ng4+ 38. Kh3 Nxf6 39. Rxf6 Rxa3 40. e5 Bxg2+
41. Kxg2 Ra8 42. Qf3 Rc8 43. Kh3 b4 44. Qf4 Rb8 45. h5 Qe7 46. h6 Rc8 47. Qf3
Rb8 48. Rf4 Kh8 49. Rf7 Qg5 50. Rf8+ 1-0

[Event "7th Sharjah Masters 2024"]
[Site "Sharjah UAE"]
[Date "2024.05.22"]
[Round "9.34"]
[White "Sethuraman, S.P."]
[Black "Cardoso Cardoso, Jose Gabriel"]
[Result "1-0"]
[WhiteTitle "GM"]
[BlackTitle "GM"]
[WhiteElo "2593"]
[BlackElo "2497"]
[WhiteFideId "5021596"]
[BlackFideId "4430492"]
[EventDate "2024.05.14"]

1. e4 c5 2. Nf3 d6 3. d4 cxd4 4. Nxd4 Nf6 5. Nc3 Nc6 6. Bc4 e6 7. Be3 a6 8. Qe2
Bd7 9. O-O-O b5 10. Bb3 Na5 11. f3 Qc7 12. g4 b4 13. Na4 Be7 14. Kb1 Nxb3 15.
cxb3 O-O 16. h4 d5 17. Rc1 Qb8 18. e5 Qxe5 19. Nb6 Qd6 20. Nxa8 Rxa8 21. Qc2 a5
22. Nc6 Bf8 23. Qh2 Qxh2 24. Rxh2 Bd6 25. Rhc2 h5 26. g5 Nh7 27. f4 Nf8 28. Ne5
Bxe5 29. fxe5 Ng6 30. Rc7 Nxe5 31. Bd4 Nf3 32. Rxd7 Nxd4 33. Rcc7 Nf5 34. Rxf7
Kh7 35. Kc2 Rg8 36. Rf6 Re8 37. Kd3 Nxh4 38. Rh6+ Kg8 39. Rxh5 Ng6 40. Rh2 e5
41. Ke3 Nf4 42. Ra7 Ne6 43. g6 Ng5 44. Rh5 d4+ 45. Ke2 Ne6 46. Rxe5 1-0